000 01140nam a22002777a 4500
999 _c112963
_d112963
003 dpl
005 20190209114403.0
008 190209b ||||| |||| 00| 0 eng d
010 _aB-049806
020 _c100.00
_a8186185151
035 _aB-049806, B-049810
037 _bCen Lib/Ret
040 _aDPL
_bHN
_c0
082 _a821
_bअरोड़ा
100 _aअरोड़ा, प्रीतम
_949960
245 _aस्पन्दन :
_cप्रीतम अरोड़ा
_bकविता संग्रह /
246 _aSapandan : kavita sangarah /
_bby Preetam Aroda
260 _aनयी दिल्ली
_bदिव शक्ति प्रकाशन
_c2001
270 _aबी-२५, गुलमोहर पार्क
_bनयी दिल्ली
_e110046
300 _a80पृ.
_c19सेमी(सजिल्द )
650 _aहिंदी साहित्य
_x
_z
_949961
650 _aहिंदी काव्य
_949962
650 _aHindi literature
_949963
650 _aHindi poetry
_949964
942 _2ddc
_cHN
_h821
_mअरोड़ा